• 首页
  • 本馆介绍
  • 公告通知
  • 最新文献
  • 馆藏检索
  • 电子资源
  • 读者导购
  • 参考咨询
  • 我的图书馆
  • 登录
  • 详细信息显示
  • 放入我的书架
  • 预约/预借图书
  • 作者相关作品
  • 分类相关作品
  • 丛书相关作品
  • 出版社相关作品

书目信息

  • 表格格式
  • 工作单格式
  • 卡片格式
题名:
污泥处理技术及资源化利用
    
 
作者: 朱开金 , 马忠亮 主编
分册:  
出版信息: 北京   化学工业出版社  2007
页数: 201页
开本: 24cm
丛书名:
单 册:
中图分类: X799.03 , X799.303
科图分类:
主题词: 城市--污泥处理 , 城市--污泥利用 , 城市 , 污泥处理 , 污泥利用
电子资源:
ISBN: 978-7-5025-9533-3
000 01062nam0 2200313 450
001 003406353
005 20070525105422.0
010    @a978-7-5025-9533-3@dCNY29.80
035    @a003406353
100    @a20070226d2007 em y0chiy0110 ea
101 0  @achi
102    @aCN@b110000
105    @aa z 000yy
106    @ar
200 1  @a污泥处理技术及资源化利用@Awu ni chu li ji shu ji zi yuan hua li yong@f朱开金,马忠亮主编@Fzhu kai jin, ma zhong liang zhu bian
210    @a北京@c化学工业出版社@d2007
215    @a201页@c图@d24cm
330    @a本书共分11章,全面介绍了污泥的来源、分类、性质及污泥的一般处理利用方法,对城市生活污泥近年来的处理新技术较深入的介绍,同时对污泥的生态利用进展及存在的问题也做了较为详尽的阐述。
606 0  @a城市@x污泥处理
606 0  @a城市@x污泥利用
606 0  @a城市
606 0  @a污泥处理
606 0  @a污泥利用
690    @aX799.03@v4
690    @aX799.303@v4
701  0 @a朱开金@Azhu kai jin@4主编
701  0 @a马忠亮@Ama zhong liang@4主编
801  0 @aCN@bNLC@c20070528
905    @dX703@e62 @f5
    
    污泥处理技术及资源化利用/朱开金,马忠亮主编.-北京:化学工业出版社,2007
    201页:图;24cm
    
    
    ISBN 978-7-5025-9533-3:CNY29.80
    本书共分11章,全面介绍了污泥的来源、分类、性质及污泥的一般处理利用方法,对城市生活污泥近年来的处理新技术较深入的介绍,同时对污泥的生态利用进展及存在的问题也做了较为详尽的阐述。
●
相关链接 在E读中查询图书 在五车中查询图书 在当当中查询图书 在豆瓣中查询图书


正题名:污泥处理技术及资源化利用     索取号:X703/62         预约/预借

序号 登录号 条形码 馆藏地/架位号 状态 备注
1 0574863   205748636   第二样本阅览室/ [索取号:X703/62] 在馆    
2 0574864   205748645   第三借阅区/ [索取号:X703/62] 在馆    
3 0574865   205748654   第三借阅区/ [索取号:X703/62] 在馆    
4 0574866   205748663   第三借阅区/ [索取号:X703/62] 在馆    
5 0574867   205748672   第三借阅区/ [索取号:X703/62] 在馆    
6 0574868   205748681   第三借阅区/ [索取号:X703/62] 在馆    
7 0574869   205748690   第三借阅区/ [索取号:X703/62] 在馆    
8 0574870   205748707   第三借阅区/ [索取号:X703/62] 在馆    
9 0850347   208503476   第三借阅区/ [索取号:X703/62] 在馆    
10 0850348   208503485   第三借阅区/ [索取号:X703/62] 在馆    
11 0850349   208503494   第三借阅区/ [索取号:X703/62] 在馆    
12 0850350   208503500   第三借阅区/ [索取号:X703/62] 在馆    
13 0850351   208503519   第三借阅区/ [索取号:X703/62] 在馆    
唐山师范学院图书馆 欢迎您!
大连网信软件有限公司© 版权所有